Roberto Rossellini (Record n. 93134)
[ formato base ]
| 000 -LEADER | |
|---|---|
| fixed length control field | 01103nam a2200289Ia 4500 |
| 001 - CONTROL NUMBER | |
| control field | B2797 |
| 003 - CONTROL NUMBER IDENTIFIER | |
| control field | IT-RoPAU |
| 008 - FIXED-LENGTH DATA ELEMENTS--GENERAL INFORMATION | |
| fixed length control field | 130308s9999 xx 000 0 und d |
| 040 ## - CATALOGING SOURCE | |
| Original cataloging agency | IT-RoPAU |
| 040 ## - CATALOGING SOURCE | |
| Transcribing agency | IT-RoPAU |
| 041 ## - LANGUAGE CODE | |
| Language code of text/sound track or separate title | ITALIANO |
| 100 ## - MAIN ENTRY--PERSONAL NAME | |
| Personal name | Rondolino Gianni |
| 100 ## - MAIN ENTRY--PERSONAL NAME | |
| Miscellaneous information | Codice Aut. SPICS: 1908 |
| 245 ## - TITLE STATEMENT | |
| Title | Roberto Rossellini |
| 245 ## - TITLE STATEMENT | |
| Remainder of title | Roberto Rossellini |
| 250 ## - EDITION STATEMENT | |
| Edition statement | 1a ed. |
| 260 ## - PUBLICATION, DISTRIBUTION, ETC. (IMPRINT) | |
| Place of publication, distribution, etc. | MILANO |
| 260 ## - PUBLICATION, DISTRIBUTION, ETC. (IMPRINT) | |
| Name of publisher, distributor, etc. | Il Castoro |
| 260 ## - PUBLICATION, DISTRIBUTION, ETC. (IMPRINT) | |
| Date of publication, distribution, etc. | 1995 [1° Ed.:1995 - Ed.Ling.Originale:1995] |
| 300 ## - PHYSICAL DESCRIPTION | |
| Extent | "136 p. (prefazione: no ; testo: 136 [pagine: 0-0])" |
| 500 ## - GENERAL NOTE | |
| General note | Monografia del regista Italiano. Dichiarazioni del Regista. La Formazione.La trilogia della Guerra Fascista. Dal Fascismo All'Antifascismo. Roma Città Aperta. Paisà. Germania Anno Zero. La favola e Il Misticismo. La trilogia della Solitudine. Dal Teatro All'India. Verso un Cinema Didattico. La Televisione. ritorno al Cinema. Dati e Critica dei Film. Filmografia. Videografia. |
| 650 ## - SUBJECT ADDED ENTRY--TOPICAL TERM | |
| Topical term or geographic name as entry element | AUTORI/OPERE DEL CINEMA |
| 650 ## - SUBJECT ADDED ENTRY--TOPICAL TERM | |
| Relator term | Codice materia Spics: 6807 |
| 942 ## - ADDED ENTRY ELEMENTS (KOHA) | |
| Koha item type | LIBRO |
| 957 ## - | |
| -- | 1 |
| 999 ## - SYSTEM CONTROL NUMBERS (KOHA) | |
| -- | 1 |
| Withdrawn status | Lost status | Damaged status | Not for loan | Home library | Current library | Date acquired | Total Checkouts | Full call number | Date last seen | Price effective from | Koha item type | Public note |
|---|---|---|---|---|---|---|---|---|---|---|---|---|
| Buone Condizioni | Not For Loan | SPICS-MEDIATECA | SPICS-MEDIATECA | 08/03/2013 | B2797 | 08/03/2013 | 08/03/2013 | LIBRO | Progressivo inserimento: 36073 / N. Volumi: 1 Copie: 1 / data import: 1 marzo 2013 - By Epidotti, Trombetti, Vaglietti. |